[Event "27th Reggio Emilia it"]
[Site "Reggio Emilia ITA"]
[Date "1985.01.02"]
[Round "7"]
[White "Kurajica, Bojan"]
[Black "Mokry, Karel"]
[Result "1-0"]
[WhiteElo "2535"]
[BlackElo "2490"]
[EventDate "1984.12.27"]
[PlyCount "63"]

1.d4 d5 2.c4 c6 3.e3 Nf6 4.Nc3 g6 5.cxd5 Nxd5 6.h4 h5 7.Bc4 Bg7 8.Qb3 e6 
9.Nf3 Nd7 10.e4 Nxc3 11.bxc3 O-O 12.e5 c5 13.O-O cxd4 14.cxd4 Nb6 15.Bg5 
Qe8 16.Nd2 Bd7 17.Qb4 Bc6 18.Be7 Qd7 19.Bxf8 Bxf8 20.Qb2 Rd8 21.d5 exd5 
22.Be2 Na4 23.Qc2 Nc5 24.Nb3 Ne6 25.f4 Bh6 26.g3 Ng7 27.Nd4 Qh3 28.Rf3 Ne6
29.Rd1 Bf8 30.f5 gxf5 31.Nxe6 fxe6 32.Rd4 1-0

[Event "27th Reggio Emilia it"]
[Site "Reggio Emilia ITA"]
[Date "1985.01.02"]
[Round "7"]
[White "Miles, Anthony"]
[Black "Timman, Jan"]
[Result "0-1"]
[WhiteElo "2570"]
[BlackElo "2650"]
[EventDate "1984.12.27"]
[PlyCount "78"]

1.c4 e5 2.Nc3 Bb4 3.Qb3 Ba5 4.Qa3 Bxc3 5.Qxc3 Qe7 6.b4 Nf6 7.Bb2 d6 8.g3 
O-O 9.Bg2 Nc6 10.Nf3 Bg4 11.b5 Nd8 12.O-O Ne6 13.h3 Bh5 14.Qe3 Rfe8 15.Nh4
Rab8 16.Rae1 Nd7 17.Qe4 Ndc5 18.Qf5 g5 19.g4 Bg6 20.Nxg6 hxg6 21.Qc2 Nf4 
22.e3 Nfd3 23.Ra1 Qf6 24.a4 Nxb2 25.Qxb2 a5 26.bxa6 bxa6 27.Qc3 Rb3 28.Qa5
Rb6 29.Rad1 e4 30.f3 Nb3 31.Qc3 Qxc3 32.dxc3 Nc5 33.a5 Rb3 34.fxe4 Rxc3 
35.e5 Rxe5 36.Bd5 Ne6 37.e4 Nf4 38.Rb1 Nxd5 39.exd5 Rxc4 0-1

[Event "27th Reggio Emilia it"]
[Site "Reggio Emilia ITA"]
[Date "1985.01.02"]
[Round "7"]
[White "Toth, Bela"]
[Black "Rogers, Ian"]
[Result "1-0"]
[WhiteElo "2405"]
[BlackElo "2485"]
[EventDate "1984.12.27"]
[PlyCount "79"]

1.d4 Nf6 2.c4 c5 3.d5 b5 4.cxb5 a6 5.bxa6 e6 6.dxe6 fxe6 7.g3 Be7 8.Bg2 
Rxa6 9.Nf3 O-O 10.O-O Nc6 11.Nc3 d5 12.Bf4 d4 13.Na4 Nd5 14.Bd2 Qc7 15.Rc1
Qa7 16.b3 Ncb4 17.a3 Na2 18.Rc2 Rxa4 19.bxa4 Nac3 20.Bxc3 Nxc3 21.Qc1 Qxa4
22.Rxc3 dxc3 23.Qxc3 Ba6 24.Qe3 Bc4 25.Nd2 Ba2 26.Ra1 Qc2 27.Bh3 Kh8 28.
Bxe6 Bxe6 29.Qxe6 Bf6 30.Ra2 Qa4 31.Qc4 Qc6 32.a4 Rb8 33.a5 Rb4 34.Qf7 Qa8
35.f3 Rb7 36.Qc4 Qa7 37.Kg2 Rb4 38.Qe6 h6 39.a6 Rb8 40.Nc4 1-0

[Event "27th Reggio Emilia it"]
[Site "Reggio Emilia ITA"]
[Date "1985.01.03"]
[Round "8"]
[White "Adorjan, Andras"]
[Black "Toth, Bela"]
[Result "1/2-1/2"]
[WhiteElo "2565"]
[BlackElo "2405"]
[EventDate "1984.12.27"]
[PlyCount "32"]

1.c4 e6 2.Nc3 d5 3.d4 Nf6 4.Bg5 Be7 5.e3 O-O 6.Rc1 Nbd7 7.Nf3 c6 8.Bd3 
dxc4 9.Bxc4 Nd5 10.Bxe7 Qxe7 11.Ne4 N5f6 12.Nxf6+ Qxf6 13.O-O e5 14.d5 e4 
15.Nd2 Qg6 16.dxc6 bxc6 1/2-1/2

[Event "27th Reggio Emilia it"]
[Site "Reggio Emilia ITA"]
[Date "1985.01.03"]
[Round "8"]
[White "Garcia Palermo, Carlos Horacio"]
[Black "Portisch, Lajos"]
[Result "1/2-1/2"]
[WhiteElo "2520"]
[BlackElo "2635"]
[EventDate "1984.12.27"]
[PlyCount "91"]

1.d4 d5 2.c4 e6 3.Nc3 Be7 4.cxd5 exd5 5.Bf4 c6 6.Qc2 g6 7.e4 Be6 8.e5 Bf5 
9.Qd2 Nd7 10.Be2 h5 11.Nf3 Nf8 12.O-O Ne6 13.Be3 Kf8 14.a3 Kg7 15.b4 Nh6 
16.Ne1 Ng4 17.Bd3 Nxe5 18.dxe5 Bxd3 19.Nxd3 d4 20.Nf4 Nxf4 21.Bxf4 dxc3 
22.Qxc3 Qc8 23.Rad1 Qe6 24.Be3 Rhd8 25.Rxd8 Bxd8 26.Rd1 Bc7 27.f4 Kg8 28.
Bc5 a5 29.h3 axb4 30.Qxb4 b5 31.Qd4 Ra4 32.Qd7 Qxd7 33.Rxd7 Rc4 34.Be7 
Bb6+ 35.Kh2 Rxf4 36.Bf6 g5 37.Bxg5 Re4 38.Bf6 Bd4 39.Re7 h4 40.g4 Re2+ 41.
Kh1 c5 42.Re8+ Kh7 43.Rh8+ Kg6 44.Rg8+ Kh6 45.Rh8+ Kg6 46.Rg8+ 1/2-1/2

[Event "27th Reggio Emilia it"]
[Site "Reggio Emilia ITA"]
[Date "1985.01.03"]
[Round "8"]
[White "Lobron, Eric"]
[Black "Hort, Vlastimil"]
[Result "1/2-1/2"]
[WhiteElo "2505"]
[BlackElo "2560"]
[EventDate "1984.12.27"]
[PlyCount "47"]

1.e4 c6 2.d4 d5 3.Nd2 dxe4 4.Nxe4 Bf5 5.Ng3 Bg6 6.h4 h6 7.Nf3 Nd7 8.h5 Bh7
9.Bd3 Bxd3 10.Qxd3 Ngf6 11.Bd2 e6 12.O-O-O Be7 13.Ne4 Nxe4 14.Qxe4 Nf6 15.
Qe2 Qd5 16.Kb1 Qe4 17.Qf1 O-O-O 18.Re1 Qh7 19.Rh3 Bd6 20.Ba5 Rd7 21.Ne5 
Bxe5 22.dxe5 Rd5 23.Ra3 Nd7 24.f4 1/2-1/2

[Event "27th Reggio Emilia it"]
[Site "Reggio Emilia ITA"]
[Date "1985.01.03"]
[Round "8"]
[White "Mokry, Karel"]
[Black "Ivanovic, Bozidar"]
[Result "0-1"]
[WhiteElo "2490"]
[BlackElo "2515"]
[EventDate "1984.12.27"]
[PlyCount "60"]

1.e4 c5 2.Nf3 Nc6 3.d4 cxd4 4.Nxd4 Nf6 5.Nc3 d6 6.Bg5 e6 7.Qd2 a6 8.O-O-O 
h6 9.Be3 Bd7 10.f4 b5 11.Bd3 Qc7 12.Kb1 Na5 13.Qe1 Nc4 14.Bc1 b4 15.Nce2 
a5 16.Ng3 Be7 17.Qe2 Rc8 18.Nf1 O-O 19.Ne3 Nxe3 20.Qxe3 e5 21.Nf3 a4 22.
Qe2 Rfe8 23.fxe5 dxe5 24.g4 Bxg4 25.Rhg1 Kh8 26.h3 Be6 27.Qg2 Rg8 28.Be3 
Bc5 29.Qf2 Bxe3 30.Qxe3 a3 0-1

[Event "27th Reggio Emilia it"]
[Site "Reggio Emilia ITA"]
[Date "1985.01.03"]
[Round "8"]
[White "Rogers, Ian"]
[Black "Miles, Anthony"]
[Result "1/2-1/2"]
[WhiteElo "2485"]
[BlackElo "2570"]
[EventDate "1984.12.27"]
[PlyCount "103"]

1.d4 Nf6 2.c4 e6 3.g3 d5 4.Bg2 dxc4 5.Nf3 c5 6.O-O cxd4 7.Qa4+ Bd7 8.Qxc4 
Na6 9.Qxd4 Bc6 10.Nc3 Nc5 11.Be3 Qxd4 12.Bxd4 Be7 13.Rac1 O-O 14.Ne5 Bxg2 
15.Kxg2 Rfc8 16.Rfd1 Ne8 17.b4 Na6 18.a3 Nd6 19.b5 Nc7 20.Bc5 Nce8 21.Ne4 
f6 22.Nf3 Kf7 23.Nxd6+ Nxd6 24.a4 Ne4 25.Be3 a6 26.Rxc8 Rxc8 27.bxa6 bxa6 
28.Rd7 Nc3 29.a5 Nb5 30.Rb7 e5 31.Rb6 Ra8 32.Nd2 Ke8 33.Nb3 Nc3 34.Rb7 Rc8
35.Rb6 Nd5 36.Rxa6 Rc3 37.Nd2 Nxe3+ 38.fxe3 Rc2 39.Nf1 Rxe2+ 40.Kf3 Ra2 
41.g4 Bc5 42.Ra8+ Kf7 43.a6 Kg6 44.Rc8 Ba7 45.Rc6 Ra3 46.h3 h6 47.Rd6 Kh7 
48.Rc6 h5 49.gxh5 f5 50.Ke2 f4 51.exf4 exf4 52.h6 1/2-1/2

[Event "27th Reggio Emilia it"]
[Site "Reggio Emilia ITA"]
[Date "1985.01.03"]
[Round "8"]
[White "Timman, Jan"]
[Black "Kurajica, Bojan"]
[Result "1-0"]
[WhiteElo "2650"]
[BlackElo "2535"]
[EventDate "1984.12.27"]
[PlyCount "105"]

1.e4 c5 2.Nf3 Nc6 3.d4 cxd4 4.Nxd4 Qb6 5.Nb3 Nf6 6.Nc3 e6 7.Be3 Qc7 8.Bd3 
Be7 9.f4 d6 10.O-O O-O 11.a3 a6 12.Qf3 b5 13.Kh1 b4 14.axb4 Nxb4 15.e5 Bb7
16.Qh3 dxe5 17.fxe5 Qxe5 18.Ra5 Nxd3 19.Rxe5 Nxe5 20.Bc5 Ng6 21.Bxe7 Nxe7 
22.Nc5 Bc6 23.Rxf6 gxf6 24.N5e4 Bxe4 25.Nxe4 Rfd8 26.Nxf6+ Kg7 27.Nh5+ Kf8
28.Qg4 Ng8 29.Qb4+ Ne7 30.h4 Rab8 31.Qc3 Ng8 32.Qa3+ Ne7 33.Nf6 Rb7 34.
Nxh7+ Kg7 35.Qf3 Rbd7 36.Ng5 Nf5 37.Qg4 Kf6 38.Nf3 Ke7 39.Qb4+ Kf6 40.Qf4 
Ke7 41.g4 Rd1+ 42.Kh2 Nd6 43.Qg5+ f6 44.Qg7+ Nf7 45.g5 fxg5 46.hxg5 R1d5 
47.g6 Rf8 48.gxf7 Rxf7 49.Qg4 Rdf5 50.Ng5 Rg7 51.Qb4+ Kf6 52.Qd4+ Kg6 53.
Nxe6 1-0

[Event "27th Reggio Emilia it"]
[Site "Reggio Emilia ITA"]
[Date "1985.01.04"]
[Round "9"]
[White "Ivanovic, Bozidar"]
[Black "Timman, Jan"]
[Result "0-1"]
[WhiteElo "2515"]
[BlackElo "2650"]
[EventDate "1984.12.27"]
[PlyCount "88"]

1.e4 e5 2.Nf3 Nc6 3.Bc4 Bc5 4.b4 Bxb4 5.c3 Ba5 6.d4 d6 7.Qb3 Qd7 8.dxe5 
Bb6 9.exd6 Na5 10.Qb4 Nxc4 11.Qxc4 Qxd6 12.O-O Be6 13.Qb5+ Qd7 14.Qxd7+ 
Bxd7 15.Re1 Nf6 16.Be3 Bxe3 17.Rxe3 O-O-O 18.Nbd2 Rhe8 19.h3 h6 20.Rb1 Re6
21.Rb2 c5 22.Nc4 Bc6 23.Nfe5 Be8 24.f4 b5 25.Na3 a6 26.Rf2 Rd1+ 27.Kh2 
Red6 28.Ree2 Rc1 29.Nc2 h5 30.g4 hxg4 31.hxg4 Bc6 32.g5 Nxe4 33.Nxc6 Nxf2 
34.Ne7+ Kd7 35.Nf5 Nd3 36.Nxd6 Kxd6 37.Rd2 c4 38.a4 bxa4 39.Ne3 Rxc3 40.
Ra2 Nxf4 41.Nf5+ Ke5 42.Nxg7 a3 43.Ne8 Rb3 44.Ra1 c3 0-1

[Event "27th Reggio Emilia it"]
[Site "Reggio Emilia ITA"]
[Date "1985.01.04"]
[Round "9"]
[White "Kurajica, Bojan"]
[Black "Rogers, Ian"]
[Result "1-0"]
[WhiteElo "2535"]
[BlackElo "2485"]
[EventDate "1984.12.27"]
[PlyCount "73"]

1.d4 Nf6 2.Nf3 g6 3.g3 Bg7 4.Bg2 O-O 5.O-O d5 6.c4 dxc4 7.Na3 Nc6 8.Nxc4 
Be6 9.b3 Bd5 10.Bb2 a5 11.a4 Nb4 12.Rc1 Na2 13.Ra1 Nb4 14.e3 Be4 15.Ne1 
Bxg2 16.Kxg2 Ne4 17.Nc2 c5 18.Nxb4 axb4 19.Qf3 Ng5 20.Qxb7 cxd4 21.exd4 
Rb8 22.Qc6 Rc8 23.Qb5 e5 24.h4 Ne6 25.dxe5 Qd3 26.Nd6 Qxb3 27.Nxc8 Rxc8 
28.Rfc1 Rd8 29.Qe2 Bh6 30.Rd1 Rxd1 31.Rxd1 Qxa4 32.Ra1 Qb3 33.Ra7 Nf8 34.
Rb7 Bg7 35.Qf3 Qc4 36.Re7 Qa2 37.e6 1-0

[Event "27th Reggio Emilia it"]
[Site "Reggio Emilia ITA"]
[Date "1985.01.04"]
[Round "9"]
[White "Portisch, Lajos"]
[Black "Mokry, Karel"]
[Result "1/2-1/2"]
[WhiteElo "2635"]
[BlackElo "2490"]
[EventDate "1984.12.27"]
[PlyCount "68"]

1.d4 Nf6 2.c4 e6 3.Nf3 b6 4.Nc3 Bb7 5.a3 d5 6.cxd5 Nxd5 7.e3 Be7 8.Bb5+ c6
9.Bd3 O-O 10.Qc2 h6 11.e4 Nxc3 12.bxc3 c5 13.O-O Nc6 14.Bb2 Rc8 15.Qe2 
cxd4 16.cxd4 Na5 17.Rad1 Re8 18.Ne5 Bf8 19.Qh5 Rc7 20.Rfe1 Qg5 21.Qh3 Bd6 
22.Bc1 Qd8 23.Bf4 Bxe5 24.Bxe5 Rd7 25.Bb5 Bc6 26.Qd3 f6 27.Bg3 Qa8 28.Ba6 
Red8 29.d5 exd5 30.e5 fxe5 31.Bxe5 Bb7 32.Bb5 Bc6 33.Ba6 Bb7 34.Bb5 Bc6 
1/2-1/2

[Event "27th Reggio Emilia it"]
[Site "Reggio Emilia ITA"]
[Date "1985.01.04"]
[Round "9"]
[White "Toth, Bela"]
[Black "Lobron, Eric"]
[Result "1/2-1/2"]
[WhiteElo "2405"]
[BlackElo "2505"]
[EventDate "1984.12.27"]
[PlyCount "113"]

1.d4 Nf6 2.c4 e6 3.Nc3 c5 4.d5 exd5 5.cxd5 d6 6.e4 g6 7.f3 Bg7 8.Bg5 a6 9.
a4 h6 10.Be3 Nbd7 11.Nh3 Qe7 12.Be2 Ne5 13.Nf2 g5 14.O-O O-O 15.Re1 Nfd7 
16.a5 Rb8 17.Qc2 Ng6 18.Bf1 Nde5 19.Na4 f5 20.Nb6 fxe4 21.Nxc8 Rbxc8 22.
Qxe4 Rce8 23.Kh1 Qf7 24.Qc2 Nh4 25.Qd1 Nexf3 26.gxf3 Nxf3 27.Qd3 Nxe1 28.
Rxe1 Rxe3 29.Qxe3 Qxf2 30.Qe6+ Kh8 31.Bg2 Qf6 32.b3 Qc3 33.Rb1 Rf2 34.Qc8+
Bf8 35.Qxb7 Qc2 36.Rg1 Qe2 37.Qc8 Kg7 38.Qh3 Be7 39.Rf1 Rxf1+ 40.Bxf1 Qe4+
41.Qg2 Qe1 42.Qe2 Qxe2 43.Bxe2 Bd8 44.Bxa6 Kf6 45.Bc4 Bxa5 46.Kg2 Ke5 47.
Kf3 h5 48.h3 Be1 49.Ke2 Bg3 50.Kf3 Bf4 51.Kf2 Ke4 52.Be2 Be3+ 53.Kg2 h4 
54.Bc4 Bd4 55.Kh1 Kf3 56.Bd3 Kf2 57.Bb5 1/2-1/2

[Event "27th Reggio Emilia it"]
[Site "Reggio Emilia ITA"]
[Date "1985.01.05"]
[Round "10"]
[White "Adorjan, Andras"]
[Black "Kurajica, Bojan"]
[Result "1-0"]
[WhiteElo "2565"]
[BlackElo "2535"]
[EventDate "1984.12.27"]
[PlyCount "59"]

1.c4 e5 2.Nc3 Nc6 3.Nf3 f5 4.g3 g6 5.d4 e4 6.Ng5 Bb4 7.Bg2 Qf6 8.O-O Nge7 
9.Qa4 Bxc3 10.bxc3 b6 11.d5 Nd8 12.f3 h6 13.Nh3 Qxc3 14.Rb1 Nb7 15.fxe4 
Nc5 16.Qd1 d6 17.Bb2 Qe3+ 18.Kh1 Rf8 19.e5 Ba6 20.Rf3 Qe4 21.Rf4 Qe3 22.
Rc1 dxe5 23.Rf3 Qe4 24.Nf2 Qxc4 25.Rxc4 Bxc4 26.d6 Nd5 27.e4 fxe4 28.Rxf8+
Kxf8 29.Nxe4 Nd3 30.Qd2 1-0

[Event "27th Reggio Emilia it"]
[Site "Reggio Emilia ITA"]
[Date "1985.01.05"]
[Round "10"]
[White "Lobron, Eric"]
[Black "Garcia Palermo, Carlos Horacio"]
[Result "1/2-1/2"]
[WhiteElo "2505"]
[BlackElo "2520"]
[EventDate "1984.12.27"]
[PlyCount "97"]

1.e4 c5 2.Nf3 Nf6 3.Nc3 d5 4.e5 d4 5.exf6 dxc3 6.fxg7 cxd2+ 7.Qxd2 Qxd2+ 
8.Bxd2 Bxg7 9.Bb5+ Bd7 10.Bxd7+ Nxd7 11.O-O-O Ne5 12.Nxe5 Bxe5 13.Rhe1 f6 
14.Re4 Rd8 15.Rde1 Kf7 16.Bc3 Bd6 17.Rh4 h5 18.g3 b5 19.Bd2 Rdg8 20.h3 a6 
21.c4 Rb8 22.Re3 Kg6 23.Kc2 Rb6 24.b3 Rh7 25.Re6 Kf7 26.Re1 Kg6 27.Rg1 f5 
28.Bc3 e5 29.g4 hxg4 30.Rxh7 Kxh7 31.hxg4 Kg6 32.f3 bxc4 33.bxc4 Bb8 34.
gxf5+ Kxf5 35.Kd3 Kf4 36.Ke2 Re6 37.Rg8 Bd6 38.Bd2+ Kf5 39.Rg5+ Kf6 40.Rh5
e4 41.Rh6+ Kf5 42.Rh5+ Kf6 43.fxe4 Rxe4+ 44.Kd3 Rd4+ 45.Kc3 Be5 46.Rh6+ 
Kf5 47.Rh5+ Ke6 48.Rh6+ Kf7 49.Rh7+ 1/2-1/2

[Event "27th Reggio Emilia it"]
[Site "Reggio Emilia ITA"]
[Date "1985.01.05"]
[Round "10"]
[White "Mokry, Karel"]
[Black "Hort, Vlastimil"]
[Result "1/2-1/2"]
[WhiteElo "2490"]
[BlackElo "2560"]
[EventDate "1984.12.27"]
[PlyCount "29"]

1.e4 e5 2.Nf3 Nc6 3.Bb5 a6 4.Ba4 Nf6 5.O-O Nxe4 6.d4 b5 7.Bb3 d5 8.dxe5 
Be6 9.c3 Nc5 10.Bg5 Qd7 11.h3 h6 12.Be3 g5 13.Nd4 Rg8 14.Nxe6 fxe6 15.Bc2 
1/2-1/2

[Event "27th Reggio Emilia it"]
[Site "Reggio Emilia ITA"]
[Date "1985.01.05"]
[Round "10"]
[White "Rogers, Ian"]
[Black "Ivanovic, Bozidar"]
[Result "1-0"]
[WhiteElo "2485"]
[BlackElo "2515"]
[EventDate "1984.12.27"]
[PlyCount "107"]

1.d4 Nf6 2.c4 d6 3.Nc3 Nbd7 4.Nf3 e5 5.e4 c6 6.Be2 Be7 7.O-O O-O 8.h3 a6 
9.Qc2 Qc7 10.Re1 Re8 11.Bg5 h6 12.Be3 Qb8 13.a3 Bf8 14.d5 cxd5 15.cxd5 b5 
16.Nd2 Nb6 17.a4 b4 18.Na2 Nbd7 19.b3 Nc5 20.a5 Ra7 21.f3 Nfd7 22.Nc4 Rb7 
23.Rab1 Be7 24.Qd2 Rf8 25.g4 Bh4 26.Rec1 f6 27.Kg2 Bg5 28.h4 Bxe3 29.Nxe3 
Qc7 30.Bxa6 Rb8 31.Bxc8 Rbxc8 32.Nxb4 Qxa5 33.Nc4 Qc7 34.Nc6 Nb8 35.b4 Nb7
36.Na7 Rce8 37.Nxe5 Qb6 38.Nec6 h5 39.Nxb8 Rxb8 40.Nc6 Rbe8 41.Re1 hxg4 
42.fxg4 Nd8 43.Qd4 Qb5 44.Qc3 Kh8 45.Ra1 Nxc6 46.dxc6 Rc8 47.Rac1 Ra8 48.
Rc2 Rfc8 49.Qc4 Qb6 50.Rf1 Ra3 51.Rf5 g6 52.Qe6 Rf8 53.Rxf6 Rfa8 54.Rcf2 
1-0

[Event "27th Reggio Emilia it"]
[Site "Reggio Emilia ITA"]
[Date "1985.01.05"]
[Round "10"]
[White "Toth, Bela"]
[Black "Miles, Anthony"]
[Result "0-1"]
[WhiteElo "2405"]
[BlackElo "2570"]
[EventDate "1984.12.27"]
[PlyCount "102"]

1.d4 Nf6 2.c4 e6 3.Nc3 Bb4 4.Qc2 O-O 5.Nf3 b6 6.e4 d5 7.e5 Ne4 8.Bd3 f5 9.
exf6 Nxf6 10.Bg5 h6 11.Bh7+ Kh8 12.h4 Nc6 13.O-O-O Bxc3 14.bxc3 Qd6 15.
Bxf6 Rxf6 16.Rde1 Ba6 17.cxd5 exd5 18.Qa4 Kxh7 19.Qxa6 Kg8 20.Re2 Raf8 21.
Qd3 Na5 22.Kb1 Nc4 23.Ka1 Re6 24.Rhe1 Rfe8 25.Rxe6 Rxe6 26.Qf5 Rf6 27.Qc8+
Rf8 28.Re8 Rxe8 29.Qxe8+ Qf8 30.Qxf8+ Kxf8 31.Kb1 Ke7 32.Kc2 Kf6 33.g4 g6 
34.Kd3 h5 35.gxh5 gxh5 36.Ng5 Kf5 37.Nh7 Nd6 38.f3 Nf7 39.Ke3 Nh8 40.Ng5 
Ng6 41.Nh3 c6 42.Nf2 Nxh4 43.Nd3 Ng6 44.Nb4 Ne7 45.Kf2 a6 46.Nd3 Ng6 47.
Kg3 Nf4 48.Ne5 Ne2+ 49.Kh4 Nxc3 50.Nxc6 Nxa2 51.Ne7+ Ke6 0-1

[Event "27th Reggio Emilia it"]
[Site "Reggio Emilia ITA"]
[Date "1985.01.07"]
[Round "11"]
[White "Garcia Palermo, Carlos Horacio"]
[Black "Mokry, Karel"]
[Result "1/2-1/2"]
[WhiteElo "2520"]
[BlackElo "2490"]
[EventDate "1984.12.27"]
[PlyCount "20"]

1.d4 d5 2.c4 c6 3.cxd5 cxd5 4.Nc3 Nf6 5.Nf3 Nc6 6.Bf4 Bf5 7.e3 e6 8.Bd3 
Bxd3 9.Qxd3 Be7 10.O-O O-O 1/2-1/2

[Event "27th Reggio Emilia it"]
[Site "Reggio Emilia ITA"]
[Date "1985.01.07"]
[Round "11"]
[White "Ivanovic, Bozidar"]
[Black "Adorjan, Andras"]
[Result "1/2-1/2"]
[WhiteElo "2515"]
[BlackElo "2565"]
[EventDate "1984.12.27"]
[PlyCount "45"]

1.e4 c5 2.Nf3 e6 3.d4 cxd4 4.Nxd4 Nf6 5.Nc3 d6 6.Be2 a6 7.O-O Be7 8.f4 O-O
9.Kh1 Qc7 10.Qe1 b5 11.Bd3 Nbd7 12.Qg3 b4 13.Nd5 Nxd5 14.exd5 Bf6 15.Qh3 
h6 16.dxe6 Bxd4 17.exd7 Bxd7 18.f5 Qc5 19.Qg4 Kh8 20.Qh3 Kg8 21.Qg4 Kh8 
22.Qh5 Kg8 23.Qg4 1/2-1/2

[Event "27th Reggio Emilia it"]
[Site "Reggio Emilia ITA"]
[Date "1985.01.07"]
[Round "11"]
[White "Kurajica, Bojan"]
[Black "Toth, Bela"]
[Result "1/2-1/2"]
[WhiteElo "2535"]
[BlackElo "2405"]
[EventDate "1984.12.27"]
[PlyCount "53"]

1.d4 Nf6 2.Nf3 d5 3.c4 e6 4.g3 dxc4 5.Qa4+ Nbd7 6.Bg2 c5 7.O-O a6 8.Nc3 
Rb8 9.dxc5 Bxc5 10.Qxc4 b5 11.Qd3 Bb7 12.Bf4 Rc8 13.Ng5 Bxg2 14.Kxg2 O-O 
15.Rac1 Be7 16.Rfd1 Nc5 17.Qb1 Qb6 18.b4 Qb7+ 19.f3 Ncd7 20.Nce4 Nxe4 21.
Nxe4 Rxc1 22.Rxc1 Rc8 23.Bd6 Rxc1 24.Qxc1 Bd8 25.Bf4 Be7 26.Bd6 Bd8 27.Bf4
1/2-1/2